| 000 | 00380nam a22001337a 4500 | ||
|---|---|---|---|
| 008 | 230704b xxu||||| |||| 00| 0 eng d | ||
| 082 |
_a339.96 _bAYA |
||
| 100 | _cAloys B. Ayako | ||
| 245 |
_aIpar Special Report Series _bReview of poverty in kenya |
||
| 260 |
_bInstitute of policy Analysis and Research _c1997 |
||
| 300 | _a40p | ||
| 700 | _cMusambayi katumanga | ||
| 942 |
_2ddc _cBK |
||
| 999 |
_c3547 _d3547 |
||